Buteurs de la Phase Finale de l'Euro 2024 - Statistiques

Statistiques générales
  • Ce quiz a été pris 827 fois
  • Le résultat moyen est 12 sur 27
Statistiques - réponses
Equipe Buts Joueur % Correct
Espagne 1 Yamal
90%
Angleterre 2 Kane
88%
France 1 Kolo Muani
81%
Angleterre 1 Bellingham
75%
Espagne 3 Olmo
73%
Allemagne 1 Musiala
71%
Espagne 2 Williams
65%
Allemagne 1 Wirtz
60%
Pays-Bas 1 Gakpo
51%
Angleterre 1 Palmer
51%
Angleterre 1 Saka
50%
Espagne 1 Rodri
45%
Pays-Bas 1 Simons
45%
Allemagne 1 Havertz
42%
Espagne 1 Ruiz
42%
Espagne 1 Oyarzabal
38%
Suisse 1 Embolo
36%
Angleterre 1 Watkins
34%
Espagne 1 Merino
31%
Turquie 2 Demiral
18%
Suisse 1 Vargas
18%
Pays-Bas 2 Malen
16%
Pays-Bas 1 de Vrij
9%
Suisse 1 Freuler
9%
Slovaquie 1 Schranz
9%
Autriche 1 Gregoritsch
5%
Turquie 1 Akaydin
2%
Aucun quiz correspondant
Distribution des résultats
% des personnes avec chaque résultat
Percentile par nombre de réponses
Votre historique - résultats
Vous n’avez pas pris ce quiz